| 000 | 02364nam a22003497a 4500 | ||
|---|---|---|---|
| 001 | 100940 | ||
| 003 | KnowledgeUnlatched | ||
| 005 | 20210303105201.0 | ||
| 006 | m o d | ||
| 007 | cr u|||||||||| | ||
| 008 | 210129p20182019enk o u00| u eng d | ||
| 037 | _5BiblioBoard | ||
| 245 | 0 | 0 |
_aHope Lies in the Proles _bGeorge Orwell and the Left / _cJohn Newsinger. |
| 020 | _a9781786801890 | ||
| 029 | 1 | _ahttps://library.biblioboard.com/ext/api/media/8a9e4b76-34ed-42bd-9bf3-d85d21cfb36d/assets/thumbnail.jpg | |
| 040 |
_aScCtBLL _cScCtBLL |
||
| 100 | 1 |
_aNewsinger, John _eauthor. |
|
| 264 | 1 | _bPluto Press, | |
| 300 | _a1 online resource. | ||
| 506 | 0 |
_aAccess copy available to the general public. _fUnrestricted _2star |
|
| 520 | _aGeorge Orwell was one of the most significant literary figures on the left in the twentieth century. While titles such as 1984, Animal Farm and Homage to Catalonia are still rightly regarded as modern classics, his own politics are less well understood. Hope Lies in the Proles offers a sympathetic yet critical account of Orwell's political thinking and its continued significance today. John Newsinger explores various aspects of Orwell's politics, detailing Orwell's attempts to change working-class consciousness, considering whether his attitude towards the working class was romantic, realistic or patronising - or all three at different times. He also asks whether Orwell's anti-fascism was eclipsed by his criticism of the Soviet Union, and explores his ambivalent relationship with the Labour Party. Newsinger also breaks important new ground regarding Orwell's shifting views on the USA, and his relationship with the progressive Left and feminism. | ||
| 588 | 0 | _aDescription based on print version record. | |
| 590 | _aKU Select 2017: Front list Collection | ||
| 650 | 7 |
_aPolitical Science / Political Ideologies _2bisacsh |
|
| 650 | 0 | _aPolitical science | |
| 655 | 0 | _aElectronic books. | |
| 758 |
_iIs found in: _aKnowledge Unlatched _1https://openresearchlibrary.org/module/2774bc74-146a-484f-a7ba-ab1d6a09bbfb |
||
| 856 | 4 | 0 |
_uhttps://openresearchlibrary.org/content/8a9e4b76-34ed-42bd-9bf3-d85d21cfb36d _zView this content on Open Research Library. _70 |
| 999 |
_c33851 _d33851 |
||